Geography Quiz

Random Geography or Blitz Quiz

Blitz: Is It in France? Quiz Stats

 Plays Quiz Updated Sep 5, 2018

Also try: Is It In Europe?
Challenge
Share
Tweet
Embed
Score 0/50 Timer 01:30
25 Plays Today
City (Y)es or (N)o? % Correct
Bordeaux???
86.5%
Paris???
86.4%
Marseille???
86.2%
Lyon???
85.7%
Rio de Janeiro???
85.4%
Detroit???
85.2%
Versailles???
85.2%
Quebec City???
85.1%
Nice???
84.8%
Cannes???
84.7%
Toulouse???
84.5%
New Orleans???
84%
Montreal???
83.6%
Utrecht???
82.5%
Cardiff???
82.3%
Abidjan???
82.2%
Saint-Étienne???
81.8%
Lille???
81.7%
Dijon???
81.5%
Rennes???
81.2%
Aix-en-Provence???
81.1%
Calais???
81%
Florence???
80.9%
Naples???
80.5%
Turin???
80.3%
City (Y)es or (N)o? % Correct
Algiers???
79.5%
Port-au-Prince???
79.5%
Toulon???
79.2%
Nantes???
78.8%
Reims???
78.2%
Baton Rouge???
77.4%
Nîmes???
77.3%
Orléans???
76.6%
Basel???
76.5%
Bruges???
74.6%
St. Louis???
73.4%
Port Louis???
73.1%
Poitiers???
72.9%
Caen???
72.8%
Alicante???
72.3%
Cologne???
72%
Recife???
71.8%
Montpellier???
63.1%
Grenoble???
62.4%
Strasbourg???
60.9%
Leuven???
60%
Angers???
57.1%
Lausanne???
52.5%
Charleroi???
42.6%
Gatineau???
40.3%

You're not logged in!

Compare scores with friends on all Sporcle quizzes.
Join for Free
OR
Log In

You Might Also Like...

Show Comments

Extras

Top Quizzes Today


Score Distribution

Your Account Isn't Verified!

In order to create a playlist on Sporcle, you need to verify the email address you used during registration. Go to your Sporcle Settings to finish the process.

Report this User

Report this user for behavior that violates our Community Guidelines.

Details: